Lákadlom je skrátený čas odpisovania. Na lízing je možné získať aj nehnuteľnosť

Dilema nad výhodnosťou úveru alebo finančného úveru. Pravidlá kúpy na lízing. Výhody finančného lízingu. Daň z pridanej hodnoty. Náklady spojené s výkonom činnosti. Potreba poistenia nehnuteľnosti.

Na minha lista:
Detalhes bibliográficos
Autor principal: Krchnáková, Renáta
Formato: Capítulo de Livro
Idioma:eslovaco
Assuntos:
Tags: Adicionar Tag
Sem tags, seja o primeiro a adicionar uma tag!

MARC

LEADER 00000naa$a2200000$$$4500
001 0093624
005 20231019090657.5
041 0 |a slo 
044 |a SK 
245 1 0 |a Lákadlom je skrátený čas odpisovania. Na lízing je možné získať aj nehnuteľnosť  |c Renáta Krchnáková 
520 |a Dilema nad výhodnosťou úveru alebo finančného úveru. Pravidlá kúpy na lízing. Výhody finančného lízingu. Daň z pridanej hodnoty. Náklady spojené s výkonom činnosti. Potreba poistenia nehnuteľnosti. 
610 2 0 |a lízing 
610 2 0 |a nehnuteľnosti 
610 2 0 |a úver 
610 2 0 |a financovanie 
610 2 0 |a odpisy 
100 1 |a Krchnáková, Renáta